| Tag |
First Indicator |
Second Indicator |
Subfields |
| LEADER |
00000cam a22000004a 4500 |
| 001 |
in00002006038 |
| 005 |
20151031130653.0 |
| 008 |
040202s2004 nyu b 001 0 eng |
| 010 |
|
|
|a 2004044362
|
| 020 |
|
|
|a 1403935599 (cloth)
|
| 035 |
|
|
|a (OCoLC)ocm54365203
|
| 040 |
|
|
|a DLC
|c DLC
|d C#P
|d TXA
|d UtOrBLW
|
| 042 |
|
|
|a pcc
|
| 043 |
|
|
|a e-uk---
|
| 049 |
|
|
|a TXAM
|
| 050 |
0 |
0 |
|a HV751.A6
|b P245 2004
|
| 082 |
0 |
0 |
|a 302.3
|2 22
|
| 245 |
0 |
0 |
|a Peer violence in children's residential care /
|c Christine Barter [and others].
|
| 264 |
|
1 |
|a New York :
|b Palgrave Macmillan,
|c 2004.
|
| 300 |
|
|
|a xi, 249 pages ;
|c 23 cm.
|
| 336 |
|
|
|a text
|b txt
|2 rdacontent
|
| 337 |
|
|
|a unmediated
|b n
|2 rdamedia
|
| 338 |
|
|
|a volume
|b nc
|2 rdacarrier
|
| 504 |
|
|
|a Includes bibliographical references (pages 235-247) and index.
|
| 536 |
|
|
|a Gift from the Texas A&M University Class of '74, 2003-2004.
|
| 650 |
|
0 |
|a Children
|x Institutional care
|z Great Britain.
|
| 650 |
|
0 |
|a Children
|x Violence against
|z Great Britain.
|
| 650 |
|
0 |
|a Children and violence
|z Great Britain.
|
| 650 |
|
0 |
|a Violence in children
|z Great Britain.
|
| 650 |
|
0 |
|a Bullying
|z Great Britain.
|
| 650 |
|
0 |
|a Peer pressure in children
|z Great Britain.
|
| 700 |
1 |
|
|a Barter, Christine.
|
| 948 |
|
|
|a cataloged
|b h
|c 2004/11/3
|d c
|e ceaton
|f 3:31:59 pm
|
| 994 |
|
|
|a C0
|b TXA
|
| 999 |
|
|
|a MARS
|
| 999 |
f |
f |
|s 4503fbf2-6bef-3ebd-acd8-5ad81b852667
|i cbf80e00-c45c-39e6-9ce3-42f8e599fd12
|t 0
|
| 952 |
f |
f |
|p ric
|a Texas A&M University
|b Rellis Campus
|c Joint Library Facility
|d Remote Storage
|t 0
|e HV751.A6 P245 2004
|h Library of Congress classification
|i unmediated -- volume
|m A14831376685
|
| 998 |
f |
f |
|a HV751.A6 P245 2004
|t 0
|l Remote Storage
|